[Event "8.Open B Week-End"]
[Site "Padova"]
[Date "2005.12.17"]
[Round "4.4"]
[White "Zanin, Dario"]
[Black "Pojer, Romeo"]
[Result "1/2-1/2"]
[WhiteElo "2044"]
[BlackElo "2153"]
[Annotator "Gabriele Ballarin"]
[PlyCount "90"]
[EventDate "2005.12.10"]
[EventType "swiss"]
[EventRounds "6"]
[EventCountry "ITA"]

1. e4 d6 2. d4 Nf6 3. Nc3 g6 4. Bg5 c6 5. Qd2 b5 6. f3 Nbd7 7. Bh6 Bb7 8. Bxf8 Rxf8 9. Nh3 Qa5 10. Be2 O-O-O 11. b4 Qxb4 12. Rb1 Qa5 13. d5 a6 14. dxc6 Bxc6 15. Nf4 Nb6 16. Bd3 d5 17. exd5 Nfxd5 18. Nfxd5 Nxd5 19. Nxd5 Qxd2+ 20. Kxd2 Rxd5 21. Rhe1 e5 22. Kc3 f5 23. a4 Kc7 24. axb5 axb5 25. Rb4 Rc5+ 26. Kd2 Rd8 27. Ke3 Ra8 28. Rh4 h5 29. g4 Ra4 30. Rg1 Be8 31. Rh3 fxg4 32. fxg4 e4 33. gxh5 gxh5 34. Rg7+ Kd8 35. Bxe4 Re5 36. Rh4 Bc6 37. Rg8+ Ke7 38. Rg7+ Kf6 39. Rg6+ Ke7 40. Rxc6 Ra3+ 41. Kd4 Rg5 42. Rc5 Ra4+ 43. c4 Rxc4+ 44. Rxc4 bxc4 45. Kxc4 Rg4 1/2-1/2

[Event "8.Open B Week-End"]
[Site "Padova"]
[Date "2005.12.17"]
[Round "4.5"]
[White "Damia, Angelo"]
[Black "Giuriato, Sergio"]
[Result "1-0"]
[WhiteElo "2137"]
[BlackElo "1992"]
[Annotator "Gabriele Ballarin"]
[PlyCount "55"]
[EventDate "2005.12.10"]
[EventType "swiss"]
[EventRounds "6"]
[EventCountry "ITA"]

1. e4 Nc6 2. d4 d5 3. e5 Bf5 4. c3 e6 5. Bd3 Bxd3 6. Qxd3 f6 7. f4 f5 8. Nf3 Be7 9. b4 Nh6 10. Nbd2 Nf7 11. Nb3 O-O 12. O-O Qc8 13. Bd2 a6 14. a4 b6 15. b5 Nb8 16. c4 c6 17. cxd5 cxd5 18. Rfc1 Qd7 19. a5 Qxb5 20. Qxb5 axb5 21. axb6 Rxa1 22. Rxa1 Nd7 23. Ra7 Rd8 24. Na5 Kf8 25. Rxd7 Rxd7 26. b7 Rxb7 27. Nxb7 b4 28. Nc5 1-0

[Event "8.Open B Week-End"]
[Site "Padova"]
[Date "2005.12.17"]
[Round "4.6"]
[White "Omeri, Silvan"]
[Black "Sinato, Fabrizio"]
[Result "1-0"]
[WhiteElo "2128"]
[BlackElo "1942"]
[Annotator "Gabriele Ballarin"]
[PlyCount "75"]
[EventDate "2005.12.10"]
[EventType "swiss"]
[EventRounds "6"]
[EventCountry "ITA"]

1. e4 c5 2. Nf3 d6 3. d4 cxd4 4. Nxd4 Nf6 5. Nc3 a6 6. Bd3 e5 7. Nb3 b5 8. Bg5 Be7 9. Bxf6 Bxf6 10. a4 b4 11. Nd5 a5 12. Bb5+ Kf8 13. O-O Nd7 14. Qd3 Bb7 15. Bxd7 Qxd7 16. Nb6 Qd8 17. Nxa8 Bxa8 18. f3 Be7 19. Qb5 h5 20. Nxa5 Qc8 21. Rac1 g5 22. c3 g4 23. cxb4 Qe6 24. Qc4 Qg6 25. Nc6 Bg5 26. Rc2 Bf4 27. b5 Qg5 28. g3 gxf3 29. Rxf3 h4 30. Rg2 hxg3 31. hxg3 Qh5 32. Kf2 Rg8 33. Qd5 Rg6 34. Rxf4 Re6 35. Qxe6 exf4 36. Qc8+ Kg7 37. gxf4+ Kf6 38. e5+ 1-0

[Event "8.Open B Week-End"]
[Site "Padova"]
[Date "2005.12.17"]
[Round "4.7"]
[White "Gennari, Leone"]
[Black "Rodeghiero, Andrea"]
[Result "1-0"]
[WhiteElo "2038"]
[BlackElo "1494"]
[Annotator "Gabriele Ballarin"]
[PlyCount "63"]
[EventDate "2005.12.10"]
[EventType "swiss"]
[EventRounds "6"]
[EventCountry "ITA"]

1. d4 Nf6 2. c4 d6 3. Nc3 Nbd7 4. e4 e5 5. d5 Be7 6. Bd3 Nc5 7. Bc2 a5 8. Nge2 O-O 9. O-O Ne8 10. f4 g6 11. f5 Bg5 12. Rf3 Ng7 13. g4 Bxc1 14. Qxc1 Qh4 15. Rg3 Qe7 16. Qh6 Nd7 17. Rf1 gxf5 18. exf5 f6 19. Ne4 Nc5 20. N2c3 Nxe4 21. Nxe4 Kh8 22. Rh3 Ne8 23. Rff3 Qg7 24. Qh4 Rg8 25. Kh1 c6 26. g5 fxg5 27. Nxg5 Nf6 28. Rfg3 Rf8 29. Ne6 Qf7 30. Rg7 Qh5 31. Qxh5 Nxh5 32. Rxh5 1-0

[Event "8.Open B Week-End"]
[Site "Padova"]
[Date "2005.12.17"]
[Round "4.8"]
[White "Danese, Aldo"]
[Black "Cacco, Christian"]
[Result "0-1"]
[WhiteElo "1829"]
[BlackElo "2393"]
[Annotator "Gabriele Ballarin"]
[PlyCount "68"]
[EventDate "2005.12.10"]
[EventType "swiss"]
[EventRounds "6"]
[EventCountry "ITA"]

1. f4 d5 2. Nf3 g6 3. e3 Bg7 4. d4 Nh6 5. Bd3 Nd7 6. O-O O-O 7. Qe2 c5 8. c3 c4 9. Bc2 Nf6 10. b4 Bf5 11. a4 a6 12. Re1 b5 13. Na3 Bxc2 14. Qxc2 Nf5 15. Bd2 Nd6 16. a5 Nfe4 17. Re2 Qd7 18. Be1 f6 19. Rd1 h6 20. Nb1 g5 21. fxg5 hxg5 22. Nbd2 Qg4 23. Nf1 Kf7 24. h3 Qh5 25. N1h2 f5 26. Ne5+ Ke6 27. Bf2 Nxc3 28. g4 Nxe2+ 29. Qxe2 Qxh3 30. Nef3 Bf6 31. gxf5+ Qxf5 32. Nd2 Rh8 33. Bg3 Ne4 34. Nxe4 Qxe4 0-1

[Event "8.Open B Week-End"]
[Site "Padova"]
[Date "2005.12.17"]
[Round "4.9"]
[White "Ravagnani, Tiziano"]
[Black "Pelosin, Matteo"]
[Result "1-0"]
[WhiteElo "2091"]
[BlackElo "1769"]
[Annotator "Gabriele Ballarin"]
[PlyCount "53"]
[EventDate "2005.12.10"]
[EventType "swiss"]
[EventRounds "6"]
[EventCountry "ITA"]

1. e4 e6 2. d4 d5 3. Nc3 Nf6 4. Bg5 Bb4 5. e5 h6 6. Bd2 Bxc3 7. Bxc3 Ne4 8. Bb4 c5 9. Bxc5 Nxc5 10. dxc5 Nc6 11. Nf3 Qa5+ 12. c3 Qxc5 13. Bd3 Bd7 14. O-O O-O-O 15. b4 Qxc3 16. b5 f6 17. bxc6 Bxc6 18. Rc1 Qb4 19. Rb1 Qf4 20. Qc2 fxe5 21. Rfc1 Rd6 22. Qb2 e4 23. Qxb7+ Kd8 24. Qb8+ Ke7 25. Qxh8 exd3 26. Qxg7+ Qf7 27. Qxf7+ 1-0

[Event "8.Open B Week-End"]
[Site "Padova"]
[Date "2005.12.17"]
[Round "4.10"]
[White "Quaranta, Cristiano"]
[Black "Calicchia, Giovanni"]
[Result "1-0"]
[WhiteElo "2026"]
[BlackElo "1808"]
[Annotator "Gabriele Ballarin"]
[PlyCount "125"]
[EventDate "2005.12.10"]
[EventType "swiss"]
[EventRounds "6"]
[EventCountry "ITA"]

1. d4 Nf6 2. Bg5 g6 3. Bxf6 exf6 4. c4 f5 5. g3 Bg7 6. Bg2 O-O 7. e3 Re8 8. Ne2 Nc6 9. Nbc3 a6 10. O-O Rb8 11. Qd3 b6 12. a3 Bb7 13. b4 Ne7 14. Nf4 Bxg2 15. Kxg2 Kh8 16. h4 h5 17. Nh3 Ng8 18. Ng5 Rf8 19. Nd5 Nf6 20. Nf4 Qe7 21. f3 Kg8 22. Rfe1 Rfe8 23. c5 a5 24. bxa5 bxc5 25. Qc4 d5 26. Nxd5 Nxd5 27. Qxd5 cxd4 28. exd4 Red8 29. Rxe7 Rxd5 30. Rxc7 Rxa5 31. Rd1 Rxa3 32. d5 Ra2+ 33. Kh3 Re8 34. Nxf7 Ree2 35. Rh1 Rad2 36. d6 Be5 37. Nxe5 Rxe5 38. Rb1 Kf8 39. Rh7 Kg8 40. Rd7 Kf8 41. Rb8+ Re8 42. Rbb7 Ree2 43. Rd8+ Re8 44. Rdd7 Ree2 45. Rd8+ Re8 46. Rxe8+ Kxe8 47. d7+ Rxd7 48. Rxd7 Kxd7 49. Kg2 Ke6 50. Kf2 Kd5 51. Ke2 Kd4 52. Kd2 Kc4 53. Ke3 Kd5 54. Kd3 Ke5 55. Ke3 Kd5 56. Kf4 Ke6 57. Kg5 Kf7 58. Kh6 Kf6 59. Kh7 Kf7 60. f4 Kf6 61. Kg8 Ke7 62. Kg7 Ke6 63. Kxg6 1-0

[Event "8.Open B Week-End"]
[Site "Padova"]
[Date "2005.12.17"]
[Round "4.11"]
[White "Rigoni, Vinicio"]
[Black "Moi, Roberto"]
[Result "0-1"]
[WhiteElo "1733"]
[BlackElo "1994"]
[Annotator "Gabriele Ballarin"]
[PlyCount "62"]
[EventDate "2005.12.10"]
[EventType "swiss"]
[EventRounds "6"]
[EventCountry "ITA"]

1. d4 f5 2. Nf3 e6 3. Bf4 Nf6 4. Nbd2 Be7 5. e3 b6 6. c3 Bb7 7. Bd3 O-O 8. h3 Ne4 9. h4 c5 10. Qc2 d5 11. Bg3 Nc6 12. O-O-O cxd4 13. exd4 Nb4 14. Qb1 Nxd3+ 15. Qxd3 f4 16. Bh2 Nxf2 17. Qe2 Nxd1 18. Kxd1 Qd7 19. Kc1 Bd6 20. Ng5 h6 21. Ngf3 Rae8 22. Ne5 Bxe5 23. Qxe5 Rf5 24. Qe2 e5 25. Re1 e4 26. Nf3 Rc8 27. Ne5 Qe6 28. Qg4 Rxe5 29. Qxe6+ Rxe6 30. Bxf4 Rf8 31. g3 Rf5 0-1

[Event "8.Open B Week-End"]
[Site "Padova"]
[Date "2005.12.17"]
[Round "4.12"]
[White "Marson, Luca"]
[Black "You, Zi Chih Stefano"]
[Result "0-1"]
[WhiteElo "1972"]
[BlackElo "1733"]
[Annotator "Gabriele Ballarin"]
[PlyCount "96"]
[EventDate "2005.12.10"]
[EventType "swiss"]
[EventRounds "6"]
[EventCountry "ITA"]

1. e4 e5 2. Nf3 Nc6 3. Bb5 a6 4. Ba4 Nf6 5. O-O Be7 6. Re1 b5 7. Bb3 d6 8. c3 O-O 9. h3 Na5 10. Bc2 c5 11. d4 Qc7 12. Nbd2 cxd4 13. cxd4 Nc6 14. Nf1 exd4 15. Nxd4 Nxd4 16. Bb1 Nc6 17. Ng3 g6 18. b3 Re8 19. Bb2 Qd8 20. Bd3 Bf8 21. Rc1 Bb7 22. Bb1 Rc8 23. Qd2 Bg7 24. Rcd1 Re6 25. f4 Ne8 26. f5 Re7 27. Bxg7 Kxg7 28. Qf4 Ne5 29. Rf1 Rec7 30. h4 Kg8 31. f6 Qd7 32. Nf5 gxf5 33. Qg5+ Kh8 34. Rxf5 Qe6 35. Rdf1 Nd7 36. Qh6 Bxe4 37. Bxe4 Qxe4 38. R1f3 Rc1+ 39. Kh2 R1c5 40. Re3 Qxe3 41. Qxe3 Rxf5 42. Qe7 Ndxf6 43. Qf8+ Ng8 44. a4 bxa4 45. bxa4 Rf6 46. h5 d5 47. h6 Rxh6+ 48. Kg3 Nd6 0-1

[Event "8.Open B Week-End"]
[Site "Padova"]
[Date "2005.12.17"]
[Round "4.13"]
[White "Pomaro, Alberto"]
[Black "Menini, Luca"]
[Result "1/2-1/2"]
[WhiteElo "1971"]
[BlackElo "1652"]
[Annotator "Gabriele Ballarin"]
[PlyCount "90"]
[EventDate "2005.12.10"]
[EventType "swiss"]
[EventRounds "6"]
[EventCountry "ITA"]

1. d4 e6 2. c4 d5 3. Nc3 Nf6 4. Bf4 c6 5. e3 Nbd7 6. cxd5 Nxd5 7. Nxd5 exd5 8. Ne2 Bb4+ 9. Nc3 Nf6 10. Bd3 O-O 11. O-O Re8 12. a3 Bxc3 13. bxc3 Be6 14. Rb1 b5 15. Be5 h6 16. f4 Ng4 17. Qf3 f5 18. Qg3 Qe7 19. h3 Nf6 20. Bxf6 Qxf6 21. Kh1 Kf7 22. Qf3 g6 23. Rb2 Ke7 24. a4 a6 25. Ra1 Reb8 26. Rba2 b4 27. cxb4 Rxb4 28. Rc2 Bd7 29. a5 Rb3 30. Qe2 Qe6 31. Re1 Ra3 32. Ra2 Rxa2 33. Qxa2 Qd6 34. Rb1 Bc8 35. Qb3 Ra7 36. Qc3 Rb7 37. Rb6 Rxb6 38. axb6 Bb7 39. Qc5 Kd7 40. Qa5 Qe6 41. Bxa6 Qxe3 42. Bxb7 Qc1+ 43. Kh2 Qxf4+ 44. Kh1 Qf1+ 45. Kh2 Qf4+ 1/2-1/2

[Event "8.Open B Week-End"]
[Site "Padova"]
[Date "2005.12.17"]
[Round "4.14"]
[White "Xhani, Bujar"]
[Black "Pirpamper, Klaus"]
[Result "1-0"]
[WhiteElo "1596"]
[BlackElo "1952"]
[Annotator "Gabriele Ballarin"]
[PlyCount "67"]
[EventDate "2005.12.10"]
[EventType "swiss"]
[EventRounds "6"]
[EventCountry "ITA"]

1. Nf3 d5 2. d3 c5 3. c3 Nc6 4. Qc2 e5 5. e4 d4 6. Be2 Nf6 7. O-O Be7 8. Nbd2 Qc7 9. cxd4 exd4 10. a3 a5 11. Rb1 a4 12. b4 axb3 13. Nxb3 b6 14. Nbd2 Ba6 15. Nc4 b5 16. Ncd2 O-O 17. Ne1 Nd7 18. f4 Nb6 19. e5 Rac8 20. Bg4 Rb8 21. Ne4 c4 22. Qf2 cxd3 23. Nxd3 b4 24. Qg3 bxa3 25. Bf5 Nd5 26. Ra1 Rb3 27. Rxa3 Rxa3 28. Bxa3 Bxa3 29. Bxh7+ Kxh7 30. Nf6+ gxf6 31. Qh4+ Kg7 32. Qg4+ Kh8 33. Rf3 Nxf4 34. Nxf4 1-0

[Event "8.Open B Week-End"]
[Site "Padova"]
[Date "2005.12.17"]
[Round "4.17"]
[White "Danieli, Enrico"]
[Black "Vaglio, Alessandro"]
[Result "1-0"]
[WhiteElo "2163"]
[BlackElo "1661"]
[Annotator "Gabriele Ballarin"]
[PlyCount "48"]
[EventDate "2005.12.10"]
[EventType "swiss"]
[EventRounds "6"]
[EventCountry "ITA"]

1. d4 Nf6 2. Nf3 g6 3. Nc3 Bg7 4. e4 d6 5. Be2 O-O 6. Be3 Nbd7 7. O-O c5 8. h3 b6 9. e5 dxe5 10. dxe5 Ne8 11. e6 fxe6 12. Ng5 Nc7 13. Nxe6 Nxe6 14. Qd5 Rb8 15. Qxe6+ Kh8 16. Rad1 Nf6 17. Qe5 Nd7 18. Qg3 Qe8 19. Bb5 e5 20. Ne4 Qe6 21. Nd6 Nf6 22. Bc4 Qe7 23. Bg5 Rd8 24. Nf7+ Kg8 1-0

[Event "8.Open B Week-End"]
[Site "Padova"]
[Date "2005.12.17"]
[Round "4.18"]
[White "Badiale, Riccardo"]
[Black "Valentini, Paola"]
[Result "1/2-1/2"]
[WhiteElo "1729"]
[BlackElo "2004"]
[Annotator "Gabriele Ballarin"]
[PlyCount "75"]
[EventDate "2005.12.10"]
[EventType "swiss"]
[EventRounds "6"]
[EventCountry "ITA"]

1. d4 Nf6 2. c4 e6 3. Nc3 Bb4 4. Nf3 Bxc3+ 5. bxc3 c5 6. Qc2 h6 7. e3 Nc6 8. Bd2 d6 9. Bd3 O-O 10. O-O Re8 11. e4 e5 12. d5 Ne7 13. Nh4 Nh5 14. g3 g5 15. Ng2 Bh3 16. f3 Ng6 17. Rf2 Bxg2 18. Rxg2 Qd7 19. Be3 Kg7 20. Qe2 Qh3 21. Qf1 Qd7 22. Rb2 b6 23. a4 Rab8 24. Qg2 Rh8 25. Rba2 a5 26. Rb2 Nf6 27. Rf2 Nh5 28. Kf1 Rhf8 29. Ke2 Nf6 30. Kd2 Nh7 31. f4 f6 32. Bc2 Kf7 33. Bd1 g4 34. f5 Ne7 35. Bxg4 Ke8 36. Bxh6 Rg8 37. Bh5+ Kd8 38. Bf7 1/2-1/2

[Event "8.Open B Week-End"]
[Site "Padova"]
[Date "2005.12.17"]
[Round "4.19"]
[White "Busi, Massimo"]
[Black "Alba, Riccardo"]
[Result "1-0"]
[WhiteElo "1849"]
[BlackElo "1703"]
[Annotator "Gabriele Ballarin"]
[PlyCount "83"]
[EventDate "2005.12.10"]
[EventType "swiss"]
[EventRounds "6"]
[EventCountry "ITA"]

1. e4 e5 2. Nf3 Nf6 3. Nxe5 d6 4. Nf3 Nxe4 5. Qe2 Qe7 6. d3 Nf6 7. Bg5 Qxe2+ 8. Bxe2 Be7 9. Nc3 c6 10. O-O-O h6 11. Bd2 b5 12. Rde1 O-O 13. h3 Nbd7 14. g4 Nh7 15. Nd4 Bb7 16. Bf3 Bh4 17. Nxc6 Rae8 18. Nxb5 Rxe1+ 19. Rxe1 Bxf2 20. Re2 Bh4 21. Nxd6 Ba8 22. Nf5 Bf6 23. h4 Kh8 24. d4 g6 25. Nd6 Bxh4 26. Bxh6 Bg5+ 27. Bxg5 Nxg5 28. Bg2 Nf6 29. Ne5 Bxg2 30. Rxg2 Kg7 31. c3 Rd8 32. Nb7 Rh8 33. Nc5 Rh4 34. Kc2 Nd5 35. Kb3 f6 36. Nc6 Ne3 37. Re2 Nxg4 38. Nxa7 f5 39. Nd3 Rh3 40. Nf4 Rf3 41. Ng2 Ne4 42. a4 {Nur} 1-0

[Event "8.Open B Week-End"]
[Site "Padova"]
[Date "2005.12.17"]
[Round "4.20"]
[White "Carlassara, Renato"]
[Black "De Biaggi, Paolo"]
[Result "1-0"]
[WhiteElo "1694"]
[BlackElo "1877"]
[Annotator "Gabriele Ballarin"]
[PlyCount "53"]
[EventDate "2005.12.10"]
[EventType "swiss"]
[EventRounds "6"]
[EventCountry "ITA"]

1. e4 e5 2. Nf3 Nf6 3. Nc3 Bb4 4. a3 Bxc3 5. dxc3 h6 6. Nxe5 d6 7. Nf3 Nxe4 8. Bc4 O-O 9. Be3 c6 10. Qd4 Re8 11. O-O-O Qc7 12. g4 b5 13. Be2 c5 14. Qd3 a6 15. g5 g6 16. gxh6 Nc6 17. Rdf1 Bh3 18. Rfg1 Bf5 19. Nh4 Ne5 20. Qd5 Nf6 21. Qd1 Bd7 22. f4 Nc4 23. Bxc4 Rxe3 24. Rxg6+ Kf8 25. Rxf6 bxc4 26. Ng6+ Kg8 27. Qg1 1-0

[Event "8.Open B Week-End"]
[Site "Padova"]
[Date "2005.12.17"]
[Round "4.21"]
[White "Marson, Antonio"]
[Black "Adami, Igor"]
[Result "1/2-1/2"]
[WhiteElo "1854"]
[BlackElo "1616"]
[Annotator "Gabriele Ballarin"]
[PlyCount "65"]
[EventDate "2005.12.10"]
[EventType "swiss"]
[EventRounds "6"]
[EventCountry "ITA"]

1. d4 d5 2. Bf4 Nf6 3. e3 e6 4. c3 Be7 5. h3 O-O 6. Nf3 Nbd7 7. Bd3 h6 8. Nbd2 c5 9. O-O c4 10. Bc2 b5 11. Ne5 Nxe5 12. Bxe5 Bd6 13. Nf3 Bxe5 14. Nxe5 Bb7 15. Qe2 Nd7 16. f4 Nxe5 17. fxe5 Qg5 18. Rf3 a5 19. Qf2 b4 20. Rg3 Qe7 21. Qf4 Kh8 22. Rf1 f5 23. Qf3 Bc6 24. Rb1 Rab8 25. Qf1 Be8 26. Qe1 Qh4 27. Qf2 Bh5 28. Qe1 f4 29. exf4 Qxf4 30. Bg6 Bxg6 31. Rxg6 Qf5 32. Rg3 Qc2 33. Re3 {=} 1/2-1/2

[Event "8.Open B Week-End"]
[Site "Padova"]
[Date "2005.12.17"]
[Round "4.23"]
[White "Vianello, Enrico"]
[Black "Bano, Paolo"]
[Result "1-0"]
[WhiteElo "2086"]
[BlackElo "1434"]
[Annotator "Gabriele Ballarin"]
[PlyCount "63"]
[EventDate "2005.12.10"]
[EventType "swiss"]
[EventRounds "6"]
[EventCountry "ITA"]

1. d4 Nf6 2. Bg5 d6 3. Bxf6 exf6 4. e3 Be7 5. Bd3 Nd7 6. c4 Nb6 7. Nc3 O-O 8. Nge2 Re8 9. Qc2 g6 10. h4 h5 11. Nf4 f5 12. O-O-O Bxh4 13. Kb1 Bg5 14. Nce2 Nd7 15. e4 fxe4 16. Bxe4 Nf8 17. Ka1 Qf6 18. Nd5 Qd8 19. f4 c6 20. Ndc3 Bf6 21. f5 Rxe4 22. Nxe4 Bxf5 23. N2g3 Bxe4 24. Nxe4 Bg7 25. Rhf1 Nh7 26. c5 Bf8 27. d5 Rc8 28. dxc6 Rxc6 29. Qb3 Qc7 30. cxd6 Qd7 31. Qd5 Bg7 32. Nc5 1-0

[Event "8.Open B Week-End"]
[Site "Padova"]
[Date "2005.12.17"]
[Round "4.24"]
[White "Zanirato, Stefano"]
[Black "Vastano, Ciro"]
[Result "1-0"]
[WhiteElo "1947"]
[BlackElo "1682"]
[Annotator "Gabriele Ballarin"]
[PlyCount "93"]
[EventDate "2005.12.10"]
[EventType "swiss"]
[EventRounds "6"]
[EventCountry "ITA"]

1. Nf3 e6 2. e4 d5 3. e5 c5 4. Bb5+ Bd7 5. Bxd7+ Qxd7 6. O-O Nc6 7. d3 Nge7 8. c3 Ng6 9. Re1 Qc7 10. Qa4 Be7 11. Na3 O-O 12. d4 a6 13. Qc2 Rac8 14. Qe2 cxd4 15. cxd4 Bb4 16. Bd2 Bxd2 17. Qxd2 Qb6 18. h4 Nge7 19. g4 Rfe8 20. h5 Kh8 21. Rad1 Ng8 22. Kg2 Nh6 23. Ng5 Re7 24. Qd3 g6 25. hxg6 fxg6 26. Qh3 Ng8 27. Rh1 Rcc7 28. Qd3 Rg7 29. Nc2 Rce7 30. b3 Nd8 31. Ne1 Nf7 32. Nef3 Ngh6 33. Rh4 Nxg5 34. Nxg5 Nf7 35. Nf3 Rc7 36. Rhh1 Qa5 37. Rc1 Rxc1 38. Rxc1 Nh6 39. Qc2 Qd8 40. Kg3 Nf7 41. Qc8 Qxc8 42. Rxc8+ Rg8 43. Rc7 Nd8 44. Ng5 Rg7 45. Rc8 Rg8 46. Rxd8 Rxd8 47. Nf7+ 1-0

[Event "8.Open B Week-End"]
[Site "Padova"]
[Date "2005.12.17"]
[Round "4.26"]
[White "Pedrotti, Luciano"]
[Black "Padoan, Riccardo"]
[Result "1-0"]
[WhiteElo "1863"]
[BlackElo "1455"]
[Annotator "Gabriele Ballarin"]
[PlyCount "79"]
[EventDate "2005.12.10"]
[EventType "swiss"]
[EventRounds "6"]
[EventCountry "ITA"]

1. e4 e6 2. d4 d5 3. Nc3 Be7 4. Nf3 Nf6 5. e5 Ne4 6. Bb5+ c6 7. Bd3 Nxc3 8. bxc3 c5 9. O-O c4 10. Be2 Nd7 11. Ne1 Nf8 12. f4 Ng6 13. g3 O-O 14. Ng2 f5 15. exf6 Rxf6 16. Bg4 Nh8 17. Qe2 Nf7 18. Ne3 Nh6 19. Bh3 Qe8 20. a4 Qg6 21. Bg2 Bd6 22. a5 Bd7 23. Kh1 Nf5 24. Ng4 Rf7 25. Kg1 h5 26. Ne5 Bxe5 27. dxe5 Nh6 28. Bf3 Rf5 29. Be3 h4 30. g4 Nxg4 31. Bxg4 Rh5 32. h3 Rh6 33. Kh2 Rf8 34. Qg2 Qe4 35. Qxe4 dxe4 36. Rad1 Bc6 37. Rd6 Rg6 38. Rxe6 Rxe6 39. Bxe6+ Kh8 40. Bxc4 1-0

[Event "8.Open B Week-End"]
[Site "Padova"]
[Date "2005.12.17"]
[Round "4.27"]
[White "Cestonaro, Federico"]
[Black "Tomio, Dante"]
[Result "0-1"]
[WhiteElo "1601"]
[BlackElo "1831"]
[Annotator "Gabriele Ballarin"]
[PlyCount "52"]
[EventDate "2005.12.10"]
[EventType "swiss"]
[EventRounds "6"]
[EventCountry "ITA"]

1. d4 d5 2. c4 c6 3. Nf3 Nf6 4. Nc3 e6 5. Bg5 Nbd7 6. e3 Be7 7. Rc1 O-O 8. Qc2 dxc4 9. Bxc4 b5 10. Bd3 a6 11. O-O h6 12. Bxf6 Nxf6 13. Ne4 Nxe4 14. Bxe4 Bb7 15. Ne5 Rc8 16. Nxc6 Bxc6 17. Bxc6 Qb6 18. Qe4 Rc7 19. Rc2 Rfc8 20. Rfc1 Qa5 21. b3 Ba3 22. Rd1 Qb6 23. d5 exd5 24. Rxd5 Rxc6 25. Rxc6 Rxc6 26. Rd8+ Qxd8 0-1

[Event "8.Open B Week-End"]
[Site "Padova"]
[Date "2005.12.17"]
[Round "4.28"]
[White "Baschirotto, Marco Dante"]
[Black "Fracasso Pezzolato, Michele"]
[Result "0-1"]
[WhiteElo "1544"]
[BlackElo "1799"]
[Annotator "Gabriele Ballarin"]
[PlyCount "90"]
[EventDate "2005.12.10"]
[EventType "swiss"]
[EventRounds "6"]
[EventCountry "ITA"]

1. c4 Nf6 2. Nc3 g6 3. g3 Bg7 4. Bg2 d6 5. Nf3 e5 6. O-O O-O 7. d3 Nc6 8. Rb1 Ne8 9. b4 f5 10. e4 Nf6 11. Bg5 Ne7 12. exf5 Bxf5 13. Nh4 c6 14. Nxf5 Nxf5 15. Ne4 Qd7 16. Nxf6+ Bxf6 17. Bxf6 Rxf6 18. a4 Nd4 19. b5 Raf8 20. Rb2 Nf3+ 21. Kh1 c5 22. Qe2 g5 23. Qe4 g4 24. Re2 Rh6 25. h4 Qg7 26. Re3 Rhf6 27. Bxf3 gxf3 28. Qd5+ Kh8 29. Kh2 Qg4 30. Re4 Qg7 31. Rg1 R8f7 32. Kh3 Qh6 33. Re3 Qf8 34. Re4 Qc8+ 35. Kh2 Qc7 36. Re3 Qa5 37. Ra1 Qd2 38. Kg1 Qb2 39. Ree1 Rg7 40. Rf1 Rxg3+ 41. Kh2 Rg2+ 42. Kh3 Rxf2 43. Rg1 Rh2+ 44. Kg4 Qd2 45. Qxb7 Qf4+ 0-1

[Event "8.Open B Week-End"]
[Site "Padova"]
[Date "2005.12.17"]
[Round "4.29"]
[White "Mancin, Michele"]
[Black "Di Cerbo, Giulia"]
[Result "1-0"]
[WhiteElo "1862"]
[BlackElo "1727"]
[Annotator "Gabriele Ballarin"]
[PlyCount "33"]
[EventDate "2005.12.10"]
[EventType "swiss"]
[EventRounds "6"]
[EventCountry "ITA"]

1. e4 e6 2. d4 d5 3. e5 c5 4. c3 Nc6 5. Nf3 Qb6 6. a3 Nge7 7. b4 cxd4 8. cxd4 Nf5 9. Bb2 Bd7 10. Qd3 a5 11. b5 Na7 12. a4 Rc8 13. Be2 Bb4+ 14. Nc3 O-O 15. O-O f6 16. exf6 Rxf6 17. Nd1 {Nur} 1-0

[Event "8.Open B Week-End"]
[Site "Padova"]
[Date "2005.12.17"]
[Round "4.30"]
[White "Ferrarese, Giacomo"]
[Black "Boni, Gianni"]
[Result "1/2-1/2"]
[WhiteElo "1721"]
[BlackElo "1640"]
[Annotator "Gabriele Ballarin"]
[PlyCount "79"]
[EventDate "2005.12.10"]
[EventType "swiss"]
[EventRounds "6"]
[EventCountry "ITA"]

1. c4 b6 2. Nc3 Bb7 3. d3 e6 4. Nf3 Nf6 5. g3 d6 6. a3 c5 7. Bg2 a6 8. Rb1 Qc7 9. O-O Be7 10. b4 Nbd7 11. bxc5 bxc5 12. Bd2 O-O 13. Qc2 Rab8 14. Rb2 Bxf3 15. Bxf3 Rxb2 16. Qxb2 Rb8 17. Qc2 Ne5 18. Bg2 Nc6 19. Rb1 Nd4 20. Qc1 Rxb1 21. Qxb1 h6 22. e3 Nc6 23. Na4 Nd7 24. Bc3 Bf8 25. Ba1 Ne7 26. Qb7 Qxb7 27. Bxb7 Nb8 28. Nc3 Nec6 29. Ne4 d5 30. cxd5 exd5 31. Nd2 f6 32. Bc8 Kf7 33. f4 Ke7 34. Kf2 Kd6 35. Bc3 Kc7 36. Be6 d4 37. Bb2 dxe3+ 38. Kxe3 Nd4 39. Bxd4 cxd4+ 40. Kxd4 1/2-1/2

[Event "8.Open B Week-End"]
[Site "Padova"]
[Date "2005.12.17"]
[Round "4.31"]
[White "Chiodini, Pietro"]
[Black "Menin, Massimo"]
[Result "1-0"]
[WhiteElo "1703"]
[BlackElo "1523"]
[Annotator "Gabriele Ballarin"]
[PlyCount "39"]
[EventDate "2005.12.10"]
[EventType "swiss"]
[EventRounds "6"]
[EventCountry "ITA"]

1. e4 g6 2. d4 Bg7 3. Nc3 d6 4. f4 e6 5. Nf3 Ne7 6. Be2 b6 7. Be3 Bb7 8. Bb5+ Nd7 9. a4 a5 10. Rb1 O-O 11. h4 d5 12. h5 Nf6 13. hxg6 fxg6 14. Ng5 Bc8 15. e5 Ng4 16. Qxg4 Nf5 17. Kd2 h5 18. Rxh5 gxh5 19. Qxh5 Nh6 20. Qg6 1-0

[Event "8.Open B Week-End"]
[Site "Padova"]
[Date "2005.12.17"]
[Round "4.32"]
[White "Biserni, Federica"]
[Black "Mihalcea, Vasile"]
[Result "0-1"]
[WhiteElo "1401"]
[BlackElo "1685"]
[Annotator "Gabriele Ballarin"]
[PlyCount "48"]
[EventDate "2005.12.10"]
[EventType "swiss"]
[EventRounds "6"]
[EventCountry "ITA"]

1. e4 e5 2. Nf3 Bc5 3. d4 exd4 4. Nxd4 Qh4 5. Nc3 Nf6 6. g3 Qg4 7. Qxg4 Nxg4 8. Nce2 O-O 9. f3 Ne5 10. Bf4 Nbc6 11. Bxe5 Nxe5 12. f4 Nc4 13. Nb5 Bb6 14. Nec3 Nxb2 15. Rb1 Ba5 16. Rxb2 a6 17. Kd2 axb5 18. Bxb5 c6 19. Bd3 d5 20. exd5 cxd5 21. Rb5 d4 22. Rh5 Bxc3+ 23. Kd1 g6 24. Rh4 Rxa2 0-1

[Event "8.Open B Week-End"]
[Site "Padova"]
[Date "2005.12.17"]
[Round "4.33"]
[White "Andolfatto, Biagio"]
[Black "Chiodini, Sebastiano"]
[Result "1-0"]
[WhiteElo "1675"]
[BlackElo "1419"]
[Annotator "Gabriele Ballarin"]
[PlyCount "77"]
[EventDate "2005.12.10"]
[EventType "swiss"]
[EventRounds "6"]
[EventCountry "ITA"]

1. c4 e6 2. Nc3 Nf6 3. d4 d5 4. Bg5 Nbd7 5. e3 c6 6. Nf3 Qa5 7. Nd2 Bb4 8. Qc2 e5 9. Bxf6 gxf6 10. cxd5 cxd5 11. Nb3 Qc7 12. Be2 Nb6 13. O-O Be6 14. Rac1 Rc8 15. a3 Bd6 16. g3 O-O 17. Nd2 Bd7 18. Qb3 Bc6 19. Nb5 Qb8 20. Nxd6 Qxd6 21. Bb5 Rc7 22. Rc5 Rfc8 23. Rfc1 Nd7 24. R5c3 Nb6 25. a4 Qd7 26. Rc5 Bxb5 27. Rxc7 Rxc7 28. Rxc7 Qxc7 29. Qxb5 Qc2 30. Nf3 e4 31. Nh4 Qxa4 32. Qc5 Qa1+ 33. Kg2 Qxb2 34. Qe7 Kg7 35. Nf5+ Kg6 36. Nd6 Nc4 37. Qxf7+ Kg5 38. h4+ Kh6 39. Nf5# 1-0